Mejora del valor alimenticio de subproductos agrarios /

Guardado en:
Autor Principal: Gómez Cabrera, A.
Formato: Libro
Publicado: España : Ministerio de agricultura/instituto de inv. agra., 1979
Series:Producción animal, 4
Materias:
Etiquetas: Agregar Etiqueta
Sin Etiquetas, Sea el primero en etiquetar este registro!
LEADER 00576nam a22001815a 4500
001 CEM.cems003116
008 130507s1979##################000#0#####d
005 20210825202528.0
003 CEMS
245 1 0 |a Mejora del valor alimenticio de subproductos agrarios /  |c A. Gómez Cabrera 
260 |a España :  |b Ministerio de agricultura/instituto de inv. agra.,  |c 1979 
300 |a 63 p. 
490 0 |a Producción animal, 4 
100 1 |a Gómez Cabrera, A. 
082 0 4 |a 641.1 
653 |a Nutricion 
859 |a CEMS  |b BIB. CEMS - 11 de abril  |h 641.1  |i G585  |p 8687.81  |t Ej.1 
859 |a CEMS  |b BIB. CEMS